000 01816cam a2200421 i 4500
001 BK0015283159
003 DLC
005 20241220161849.0
008 131023s2015 nyua c 000 1 eng d
010 _a2013037877
020 _a9780316322140 : HRD
_c13.99
020 _a0316322148 : HRD
_c13.99
_z9780316405966 (ebook)
_z9780316405959 (library edition ebook)
037 _bLittle Brown & Co, 53 State st 9th Fl, Boston, MA, USA, 02109
_nSAN 200-2205
040 _aDLC
_beng
_cDLC
_erda
_dDLC
050 0 0 _aPZ7.P27653
_bPu 2015
082 0 0 _a[Fic]
_223
092 _aFIC
100 1 _aPatterson, James,
_d1947-
_eauthor.
_95694
245 1 0 _aPublic School Superhero /
_cJames Patterson and Chris Tebbetts ; illustrated by Cory Thomas.
250 _aFirst edition.
264 1 _aNew York ;
264 1 _aBoston :
_bLittle, Brown and Company,
_c2015.
300 _a273 pages :
_billustrations ;
_c20 cm
336 _atext
336 _astill image
337 _aunmediated
338 _avolume
520 _a"In Kenny Wright's active imagination he's a world famous superhero, but in the real world he's a sixth grade "Grandma's Boy" whose struggles to fit in at his Washington D.C. inner city school will put his grades and family loyalty to the test"--
_cProvided by publisher. Includes sections of comic-style illustrations.
650 1 _aMiddle schools
_vFiction.
_95675986
650 1 _aSchools
_vFiction.
_95673727
650 1 _aSuperheroes
_vFiction.
_95673961
650 1 _aGrandmothers
_vFiction.
_95686024
650 1 _aAfrican Americans
_vFiction.
_95677287
651 1 _aWashington (D.C.)
_vFiction.
_95673683
650 1 _aHumorous stories.
700 1 _aTebbetts, Christopher,
_eauthor.
_950532
700 1 _aThomas, Cory,
_eillustrator.
_96460949
999 _c193402
_d193402